Δημιουργική σκέψη : θεωρία, τεχνική, ασκήσεις, τεστ, παιχνίδια /

Λεπτομέρειες βιβλιογραφικής εγγραφής
Κύριος συγγραφέας: Μαγνήσαλης, Κώστας Γ., 1934- (συγγραφέας)
Μορφή: Βιβλίο
Γλώσσα:Greek
Έκδοση: Αθήνα : Ελληνικά Γράμματα, 2003.
Θέματα:
LEADER 01294nam a2200265 u 4500
001 10048211
003 upatras
005 20250512121414.0
008 030925s2003 gr a gre d
020 |a 9604063170 
040 |a GR-PaULI  |b gre  |c GR-PaULI  |e AACR2 
041 0 |a gre 
082 0 4 |2 23  |a 371.3 
100 1 |a Μαγνήσαλης, Κώστας Γ.,  |d 1934-  |e συγγραφέας  |9 10743 
245 1 0 |a Δημιουργική σκέψη :  |b θεωρία, τεχνική, ασκήσεις, τεστ, παιχνίδια /  |c Κώστας Γ. Μαγνήσαλης. 
260 |a Αθήνα :  |b Ελληνικά Γράμματα,  |c 2003. 
300 |a 492 σ. :  |b εικ. ;  |c 21 εκ. 
504 |a Περιλαμβάνει βιβλιογραφικές παραπομπές και γλωσσάρι. 
650 4 |a Δημιουργική σκέψη  |9 39729 
650 4 |a Εκπαίδευση, Στοιχειώδης  |x Προγράμματα δραστηριοτήτων  |9 39730 
852 |a GR-PaULI  |b ΠΑΤΡΑ  |b ΠΤΔΕ  |k ΑΣΧΕ  |h 371.3 ΜΑΓ  |m 8340  |p 025000037538  |t 1 
942 |2 ddc  |c BK 
952 |0 0  |1 0  |4 0  |6 371_300000000000000_ΜΑΓ  |7 0  |9 38942  |a PTDE  |b PTDE  |d 2016-04-24  |i 8340  |l 0  |o 371.3 ΜΑΓ  |p 025000037538  |r 2016-04-24 00:00:00  |t 1  |w 2016-04-24  |y BK15 
998 |c ΤΣΕΝΕ  |d 2003-09 
999 |c 25020  |d 25020